Les stars de la Coupe du Monde - Brésil 2014 - Statistiques

Statistiques générales
  • Ce quiz a été pris 71 fois
  • Le résultat moyen est 31 sur 36
Statistiques - réponses
Par images Réponse % Correct
Van Persie
95%
Benzema
94%
Buffon
94%
Drogba
94%
Iniesta
92%
James Rodríguez
92%
Marcelo
92%
Robben
92%
Cristiano Ronaldo
91%
Hazard
91%
Klose
91%
Lampard
91%
Lloris
91%
Luis Suárez
91%
Messi
91%
Modric
91%
Neuer
91%
Neymar
91%
Yaya Touré
91%
Forlan
89%
Pirlo
89%
Rooney
89%
Eto'o
86%
Gerrard
86%
Keylor Navas
86%
Kroos
86%
Mascherano
86%
Alexis Sánchez
85%
Chiellini
85%
Ochoa
85%
"Chicharito" Hernández
80%
Gotze
80%
Shaqiri
77%
Dzeko
69%
Honda
62%
Obi Mikel
37%
Aucun quiz correspondant
Distribution des résultats
% des personnes avec chaque résultat
Percentile par nombre de réponses
Votre historique - résultats
Vous n’avez pas pris ce quiz